Otra vuelta de tuerca /
Guardado en:
| Autor Principal: | |
|---|---|
| Formato: | Libro |
| Publicado: |
Buenos Aires :
Ríos de Tinta,
2010
|
| Series: | Huellas
|
| Materias: | |
| Etiquetas: |
Agregar Etiqueta
Sin Etiquetas, Sea el primero en etiquetar este registro!
|
| LEADER | 00686nam a22002415a 4500 | ||
|---|---|---|---|
| 001 | CEM.cems013980 | ||
| 008 | 130507s2010##################000#0#####d | ||
| 005 | 20260616162028.0 | ||
| 245 | 1 | 0 | |a Otra vuelta de tuerca / |c Henry James |
| 260 | |a Buenos Aires : |b Ríos de Tinta, |c 2010 | ||
| 300 | |a 212 p. | ||
| 490 | 0 | |a Huellas | |
| 020 | |a 9789871789160 | ||
| 100 | 1 | |a James, Henry | |
| 082 | 0 | 4 | |a 813.4 |
| 653 | |a Literatura | ||
| 653 | |a Literatura norteamericana | ||
| 653 | |a Literatura eeuu | ||
| 653 | |a Literatura juvenil | ||
| 653 | |a Novelas | ||
| 653 | |a Novelas norteamericanas | ||
| 653 | |a Literatura de terror | ||
| 859 | |a CEMS |b BIB. CEMS - 11 de abril |h 813.4LS3 |i J23-1 |p 26667.13 |t Ej.1 | ||
